Geography Quiz

Random Geography or City Quiz

30 Second Tourist: Paris Quiz Stats

 Plays Quiz Updated Jan 22, 2015

Challenge
Share
Tweet
Score 0/12 Timer 00:30
0 Plays Today
% Correct
Arc de
94.2%
Notre
89.1%
Champs-
86.6%
Musée
79.1%
Tour
74.1%
Sacré-
63.2%
Musée
61.5%
Place de la
52.3%
Centre
40.2%
Jardin du
39.8%
Place de la
37.5%
Sainte-
30.3%

You're not logged in!

Compare scores with friends on all Sporcle quizzes.
OR
Log In

You Might Also Like...

Show Comments

Extras

Top Quizzes Today


Score Distribution

Your Account Isn't Verified!

In order to create a playlist on Sporcle, you need to verify the email address you used during registration. Go to your Sporcle Settings to finish the process.

Report this User

Report this user for behavior that violates our Community Guidelines.

Details: